Loading...
| Science - Other | 1 | 7 | 2 | 0 | 75 | 69 | 98.13 | 1 | 2 | 0.00 | 0.00 |
| Science - Chemistry | 1 | 6 | 1 | 2 | 70 | 61 | 99.86 | 0 | 3 | 0.00 | 0.00 |
| Beliefs | 2 | 3 | 0 | 0 | 60 | 67 | 93.00 | 0 | 2 | 0.00 | 0.00 |
| Science - Physics | 1 | 3 | 0 | 1 | 45 | 25 | 94.25 | 1 | 2 | 0.00 | 0.00 |
| Science - Biology | 0 | 4 | 4 | 0 | 20 | 92 | 110.00 | 0 | 1 | 0.00 | 0.00 |
| Philosophy | 0 | 1 | 0 | 1 | 10 | 128 | 128.00 | 0 | 0 | 0.00 | 0.00 |
| Social Science | 0 | 1 | 0 | 0 | 10 | 86 | 86.00 | 0 | 0 | 0.00 | 0.00 |
| Visual Arts | 0 | 1 | 0 | 0 | 10 | 100 | 100.00 | 0 | 1 | 0.00 | 0.00 |
| Geography | 0 | 1 | 0 | 0 | 10 | 70 | 70.00 | 0 | 0 | 0.00 | 0.00 |
| History - American | 0 | 1 | 0 | 1 | 10 | 129 | 129.00 | 0 | 0 | 0.00 | 0.00 |
| Literature - World | 0 | 1 | 0 | 0 | 10 | 117 | 117.00 | 0 | 0 | 0.00 | 0.00 |
| Modern World | 0 | 1 | 0 | 1 | 10 | 140 | 140.00 | 0 | 0 | 0.00 | 0.00 |
| Fine Arts - Classical Music and Opera | 0 | 1 | 1 | 0 | 5 | 137 | 137.00 | 0 | 0 | 0.00 | 0.00 |